000 00385nam a22001217a 4500
005 20250725152651.0
008 250725b |||||||| |||| 00| 0 eng d
050 _aREF DT14
_bAFR
245 _aAFRICANA;
_bTHE ENCYCLOPEDIA OF THE AFRICAN AND AFRICAN AMERICAN EXPERIENCE
_cEDITED BY KWAME ANTHONY APPIAH
260 _aUSA
_bPERSEUS BOOK GROUP
_cc1999
300 _a2095p
942 _2lcc
_cBK
_n0
999 _c7183
_d7183